000 00665nam a2200217 i 4500
001 bg
245 0 0 _aProfesor Zbigniew Górny - doktor honoris causa Akademii Górniczo-Hutniczej im. Stanisława Staszica :
_bdoktorat honoris causa Akademii Górniczo-Hutniczej.
260 _a[Kraków :
_bAkademia Górniczo-Hutnicza im. Stanisława Staszica,
_c2002].
300 _a[60] s. :
_bil. ;
_c23 cm.
650 9 _aOdlewnictwo
650 9 _aSzkolnictwo wyższe
040 _cBPK
041 0 _apol
044 _aPOL
080 _a621.74
080 _a929-052
080 _a378.25
080 _a62(438)
942 _cKS
008 130116s pl a f |000 0 pol
999 _c53888
_d53888
856 _uhttp://koha.tu.koszalin.pl/cgi-bin/koha/opac-detail.pl?biblionumber=53888
_yKatalog online BPK